|
|
|
|
| LEADER |
00000cam a2200000Mu 4500 |
| 001 |
EBOOKCENTRAL_on1202463144 |
| 003 |
OCoLC |
| 005 |
20240329122006.0 |
| 006 |
m o d |
| 007 |
cr ||||||||||| |
| 008 |
201031s2020 xx o ||| 0 eng d |
| 040 |
|
|
|a EBLCP
|b eng
|c EBLCP
|d EBLCP
|d OCLCQ
|d REDDC
|d OCLCO
|
| 020 |
|
|
|a 9781000076615
|
| 020 |
|
|
|a 100007661X
|
| 035 |
|
|
|a (OCoLC)1202463144
|
| 050 |
|
4 |
|a TK9202
|b .A545 2021
|
| 082 |
0 |
4 |
|a 621.48303
|
| 049 |
|
|
|a UAMI
|
| 100 |
1 |
|
|a Anglart, Henryk.
|
| 245 |
1 |
0 |
|a Multilingual Dictionary of Nuclear Reactor Physics and Engineering
|h [electronic resource].
|
| 260 |
|
|
|a Milton :
|b Taylor & Francis Group,
|c 2020.
|
| 300 |
|
|
|a 1 online resource (328 p.)
|
| 500 |
|
|
|a Description based upon print version of record.
|
| 505 |
0 |
|
|a Cover -- Half Title -- Title Page -- Copyright Page -- Dedication -- Preface -- Guide to the Dictionary -- Abbreviations -- Numerical Terms -- Aa -- Bb -- Cc -- Dd -- Ee -- Ff -- Gg -- Hh -- Ii -- Jj -- Kk -- Ll -- Mm -- Nn -- Oo -- Pp -- Qq -- Rr -- Ss -- Tt -- Uu -- Vv -- Ww -- Xx -- Yy -- Zz -- Index of German Entries -- Index of French Entries -- Index of Polish Entries
|
| 590 |
|
|
|a ProQuest Ebook Central
|b Ebook Central Academic Complete
|
| 650 |
|
0 |
|a Nuclear reactors
|v Dictionaries
|x Polyglot.
|
| 650 |
|
0 |
|a Nuclear physics
|v Dictionaries
|x Polyglot.
|
| 650 |
|
0 |
|a Nuclear engineering
|v Dictionaries
|x Polyglot.
|
| 650 |
|
6 |
|a Réacteurs nucléaires
|v Dictionnaires polyglottes.
|
| 650 |
|
6 |
|a Physique nucléaire
|v Dictionnaires polyglottes.
|
| 650 |
|
6 |
|a Génie nucléaire
|v Dictionnaires polyglottes.
|
| 776 |
0 |
8 |
|i Print version:
|a Anglart, Henryk
|t Multilingual Dictionary of Nuclear Reactor Physics and Engineering
|d Milton : Taylor & Francis Group,c2020
|z 9780367470814
|
| 856 |
4 |
0 |
|u https://ebookcentral.uam.elogim.com/lib/uam-ebooks/detail.action?docID=6371421
|z Texto completo
|
| 938 |
|
|
|a ProQuest Ebook Central
|b EBLB
|n EBL6371421
|
| 994 |
|
|
|a 92
|b IZTAP
|